The deformation of the earth's crust ; an inductive approach to the problems of diastrophism /

Bibliographic Details
Main Author: Bucher, Walter Hermann, 1888-1965
Format: Book
Language:English
Published: Princeton : Princeton university press, 1933.
Subjects:

MARC

Tag First Indicator Second Indicator Subfields
LEADER 00000cam a2200000 4500
001 in00000052484
005 20151007072105.0
008 721222s1933 njuab b 00010 eng u
010 |a  34000631  
035 |a (OCoLC)00523236 
035 |9 AAE7211AM 
040 |c KSU  |d TXA  |d UtOrBLW 
049 |a TXAM  |c [52406] 
050 0 |a QE511  |b .B8 
092 |a 551.13  |b B919d 
100 1 |a Bucher, Walter Hermann,  |d 1888-1965. 
245 1 4 |a The deformation of the earth's crust ;  |b an inductive approach to the problems of diastrophism /  |c by Walter H. Bucher. 
264 1 |a Princeton :  |b Princeton university press,  |c 1933. 
300 |a xiii, 518 pages :  |b illustrations, maps (1 folded) diagrams 24 cm. 
336 |a text  |b txt  |2 rdacontent 
337 |a unmediated  |b n  |2 rdamedia 
338 |a volume  |b nc  |2 rdacarrier 
650 0 |a Geophysics. 
650 0 |a Geology, Structural. 
651 0 |a Earth (Planet)  |x Surface. 
999 |a MARS 
999 f f |s 13e8d670-c3b2-30c0-b285-2bf698ac335a  |i 0a39ba1e-03a5-386c-b2b2-d2c5be90b8bc  |t 0 
952 f f |p ric  |a Texas A&M University  |b Rellis Campus  |c Joint Library Facility  |d Remote Storage  |t 0  |e QE511 .B8  |h Library of Congress classification  |i unmediated -- volume  |m A14800950456 
998 f f |a QE511 .B8  |t 0  |l Remote Storage